00385nam a2200145Ia 4500003000400000008004100004040001600045082002700061100002600088245004500114260002800159490000500187650001900192650002800211GCL140319s9999 xx 000 0 ara d aGCL / cGCL04aكاسيتb157bم و1 aمحمد اليمنى10aولوهولة / cمحمد اليمنى a[S.N] : bلا يوجد a04aالاغانى04aشرائط كاسيت